| 000 | 00692cam a22002533a 4500 | ||
|---|---|---|---|
| 001 | 3321 | ||
| 003 | PGUSA | ||
| 005 | 20140828083030.0 | ||
| 008 | 020701s2002||||xxu|||||s|||||000 1 eng d | ||
| 040 |
_aPGUSA _beng |
||
| 042 | _adc | ||
| 050 | 4 | _aPS | |
| 100 | 1 |
_aScott, Leroy, _d1875-1929 |
|
| 245 | 1 | 0 |
_aChildren of the Whirlwind _h[electronic resource] / _cLeroy Scott |
| 260 |
_bProject Gutenberg, _c2002 |
||
| 506 | _aPublic domain in the USA. | ||
| 516 | _aElectronic text | ||
| 653 | _aLove stories | ||
| 653 | _aCriminals -- Fiction | ||
| 653 | _aEx-convicts -- Fiction | ||
| 830 | 0 |
_aProject Gutenberg _v3321 |
|
| 856 | 4 | 0 | _uhttp://www.gutenberg.org/ebooks/3321 |
| 942 | _cEB | ||
| 999 |
_c232650 _d232650 |
||